000 00490nam a2200181Ia 4500
003 GCL
008 140319s9999 xx 000 0 eng d
040 _aGCL /
_cGCL
082 0 4 _a624.1
_bJ I
100 1 _aJINDAL, R.L.
245 1 0 _aINDETERMINATE STRUCTURES /
_cJINDAL, R.L.
260 _a[S.N] :
_bS. CHAND & COMPANY LTD ،
_c1993
300 _a720 P
650 0 4 _aالتحليل الرياضى
650 0 4 _aCIVIL ENGINEERING
650 0 4 _aSTRUCTURAL ENGINEERING
942 _2ddc
_cBK
999 _c19755
_d19755